Giáo trình ký sinh trùng thực hành : (Dùng cho đào tạo cử nhân xét nghiệm)
Nội dung gồm 3 phần: Phần 1 giới thiệu những kỹ thuật xét nghiệm cơ bản bao gồm phương pháp thu thập, xử lý, bảo quản bệnh phẩm. Phần 2 gồm định danh gồm các hình ảnh các kí sinh trùng và vi nấm gây bệnh thường gặp. Phần 3 giới thiệ...
Salvato in:
| Autore principale: | |
|---|---|
| Natura: | Libro |
| Lingua: | Undetermined |
| Pubblicazione: |
Hà Nội
Giáo dục
2008
|
| Soggetti: | |
| Tags: |
Aggiungi Tag
Nessun Tag, puoi essere il primo ad aggiungerne! !
|
| Thư viện lưu trữ: | Trung tâm Học liệu Trường Đại học Cần Thơ |
|---|
| LEADER | 01259nam a2200217Ia 4500 | ||
|---|---|---|---|
| 001 | CTU_142863 | ||
| 008 | 210402s9999 xx 000 0 und d | ||
| 020 | |c 40500 | ||
| 082 | |a 616.96 | ||
| 082 | |b X502 | ||
| 100 | |a Lê, Thị Xuân | ||
| 245 | 0 | |a Giáo trình ký sinh trùng thực hành : | |
| 245 | 0 | |b (Dùng cho đào tạo cử nhân xét nghiệm) | |
| 245 | 0 | |c Lê Thị Xuân (chủ biên) | |
| 260 | |a Hà Nội | ||
| 260 | |b Giáo dục | ||
| 260 | |c 2008 | ||
| 520 | |a Nội dung gồm 3 phần: Phần 1 giới thiệu những kỹ thuật xét nghiệm cơ bản bao gồm phương pháp thu thập, xử lý, bảo quản bệnh phẩm. Phần 2 gồm định danh gồm các hình ảnh các kí sinh trùng và vi nấm gây bệnh thường gặp. Phần 3 giới thiệu các hoá chất thường dùng trong xét nghiệm ký sinh trùng đường ruột; các hoá chất, thuốc nhuộm và môi trường trong xét nghiệm nấm. | ||
| 650 | |a Parasitic diseases,Parasitology,Bệnh ký sinh trùng,Ký sinh trùng | ||
| 904 | |i QHieu | ||
| 980 | |a Trung tâm Học liệu Trường Đại học Cần Thơ | ||